Предложения в программу развития комплекса спектрометров на реакторе ИБР-2 на 2015-2020 гг. (Запись № 9787497)
[ простой вид ]
| 000 -МАРКЕР | |
|---|---|
| контрольное поле | 01836nam0a2200325 i 4500 |
| 001 - ИДЕНТИФИКАТОР ЗАПИСИ | |
| контрольное поле | RU\NLR\BIBL_A\010713916 |
| 005 - ИДЕНТИФИКАТОР ВЕРСИИ | |
| контрольное поле | 20260407143352.0 |
| 021 ## - НОМЕР ГОСУДАРСТВЕННОЙ РЕГИСТРАЦИИ | |
| Код страны | российская федерация |
| Номер | 2015-11441 |
| Номер Листа государственной регистраци | 3243 |
| 021 ## - НОМЕР ГОСУДАРСТВЕННОЙ РЕГИСТРАЦИИ | |
| Код страны | российская федерация |
| Номер | 2015-11441 |
| Номер Листа государственной регистраци | 696 |
| 035 ## - ДРУГИЕ СИСТЕМНЫЕ НОМЕРА | |
| Идентификатор записи | (NILC)RuMoRGB-007873461 |
| 035 ## - ДРУГИЕ СИСТЕМНЫЕ НОМЕРА | |
| Идентификатор записи | (NLR Aleph) 010713916 |
| 100 ## - ДАННЫЕ ОБЩЕЙ ОБРАБОТКИ | |
| Данные общей обработки | 20150403d2014 km y0rusy50 ca |
| 101 0# - ЯЗЫК РЕСУРСА | |
| Язык текста, звукозаписи и т.д. | русский |
| 102 ## - СТРАНА ПУБЛИКАЦИИ ИЛИ ПРОИЗВОДСТВА | |
| Страна публикации | российская федерация |
| 105 ## - ПОЛЕ КОДИРОВАННЫХ ДАННЫХ: ТЕКСТОВЫЕ МАТЕРИАЛЫ, МОНОГРАФИЧЕСКИЕ | |
| Кодированные данные о монографическом текстовом документе | a|||z|||000yy |
| 200 1# - ЗАГЛАВИЕ И СВЕДЕНИЯ ОБ ОТВЕТСТВЕННОСТИ | |
| Основное заглавие | Предложения в программу развития комплекса спектрометров на реакторе ИБР-2 на 2015-2020 гг. |
| Первые сведения об ответственности | Лаб. нейтронной физики им. И. М. Франка, Науч.-экспериментальный отдел нейтронных исслед. конденсированных сред |
| Последующие сведения об ответственности | [сост.: Ю. Е. Горшкова |
| -- | под ред. Д. П. Козленко] |
| 210 ## - ПУБЛИКАЦИЯ, РАСПРОСТРАНЕНИЕ И ДР. | |
| Место издания, распространения и т.д. | Дубна |
| Имя издателя, распространителя и т. д. | издательский отдел Объединеннного института ядерных исследований |
| Дата издания, распространения и т.д. | 2014 |
| 215 ## - ФИЗИЧЕСКАЯ ХАРАКТЕРИСТИКА | |
| Специфическое обозначение материала и объем | 106 с. |
| Другие сведения о физической характеристике | цв. ил. |
| Размеры | 29 |
| 320 ## - ПРИМЕЧАНИЯ О НАЛИЧИИ В ДОКУМЕНТЕ БИБЛИОГРАФИИ / УКАЗАТЕЛЯ | |
| Текст примечания | Библиогр. в конце разд. |
| 606 ## - НАИМЕНОВАНИЕ ТЕМЫ КАК ПРЕДМЕТ | |
| Наименование темы | ИБР-2, ядерные реакторы |
| Тематический подзаголовок | Спектрометры |
| Системный номер авторитетной/нормативной записи | 2182335 |
| Идентификатор авторитетной/нормативной записи | RU\NLR\AUTH\661312274 |
| 686 1# - ИНДЕКСЫ ДРУГИХ КЛАССИФИКАЦИЙ | |
| Индекс | В381.51 |
| 702 #1 - ИМЯ ЛИЦА - ВТОРИЧНАЯ ОТВЕТСТВЕННОСТЬ | |
| Начальный элемент ввода | Горшкова |
| Часть имени, кроме начального элемента ввода | Ю. Е. |
| Код отношения | Составитель |
| 702 #1 - ИМЯ ЛИЦА - ВТОРИЧНАЯ ОТВЕТСТВЕННОСТЬ | |
| Начальный элемент ввода | Козленко |
| Часть имени, кроме начального элемента ввода | Д. П. |
| Расширение инициалов личного имени | Денис Петрович |
| Код отношения | Редактор |
| 712 02 - НАИМЕНОВАНИЕ ОРГАНИЗАЦИИ - ВТОРИЧНАЯ ОТВЕТСТВЕННОСТЬ | |
| Начальный элемент ввода | Лаборатория нейтронной физики им. И. М. Франка |
| Идентифицирующий признак | Дубна |
| Структурное подразделение | Научно-экспериментальный отдел нейтронных исследований конденсированных сред |
| Идентификатор авторитетной/нормативной записи | RU\NLR\AUTH\8810086753 |
| Системный номер авторитетной/нормативной записи | 675197 |
| 801 #0 - ИСТОЧНИК ЗАПИСИ | |
| Страна | российская федерация |
| Организация | РГБ |
| Дата составления | 20150220 |
| Правила каталогизации | RCR |
| 942 ## - ДОПОЛНИТЕЛЬНЫЕ ЭЛЕМЕНТЫ ЗАПИСИ (АБИС) | |
| Тип экземпляра АБИС | Книга |
| 980 ## - КОЛЛЕКЦИЯ | |
| Название коллекции | НБР |
Нет доступных экземпляров.